| 000 | 00456nam a2200145 4500 | ||
|---|---|---|---|
| 001 | 109925 | ||
| 003 | ES-MaACL | ||
| 005 | 20230906184937.0 | ||
| 007 | t| | ||
| 008 | 061121s1962 sp r ||||1| spa d | ||
| 100 | 1 |
_aOñativia Aurela, Manuel. _987117 |
|
| 245 | 1 | 3 |
_aEl matrimonio es así _b: (el mejor regalo de boda) / _cManuel Oñativia Aurela. |
| 260 |
_aSan Sebastián : _b[s.n.], _c1962 ( _fTip. Izarra S. S.) |
||
| 852 |
_aES-MaACL _jC-25479 _bR.51768 |
||
| 999 |
_c109925 _d109925 |
||